Getting to grips (Record no. 85144)
[ view plain ]
| 000 -LEADER | |
|---|---|
| fixed length control field | 00810cab a22002175a 4500 |
| 001 - CONTROL NUMBER | |
| control field | L160029 |
| 008 - FIXED-LENGTH DATA ELEMENTS--GENERAL INFORMATION | |
| fixed length control field | 150113e2016 xxk 000 0 eng d |
| 035 ## - SYSTEM CONTROL NUMBER | |
| System control number | (Sirsi) u160029 |
| 041 0# - LANGUAGE CODE | |
| Language code of text/sound track or separate title | eng |
| 050 ## - LIBRARY OF CONGRESS CALL NUMBER | |
| Classification number | 692.3 |
| 100 1# - MAIN ENTRY--PERSONAL NAME | |
| Personal name | Pugh, T. |
| 245 00 - TITLE STATEMENT | |
| Title | Getting to grips |
| Medium | [electronic resource] |
| 260 ## - PUBLICATION, DISTRIBUTION, ETC. | |
| Place of publication, distribution, etc. | London |
| Name of publisher, distributor, etc. | RICS |
| Date of publication, distribution, etc. | 2016 |
| 490 ## - SERIES STATEMENT | |
| Series statement | RICS Building Surveying Journal |
| Volume/sequential designation | March 2016 - April 2016, 5(1) |
| 520 ## - SUMMARY, ETC. | |
| Summary, etc. | Gives a ground-level view of how the International Property Measurement Standards will affect professional practice. |
| 650 24 - SUBJECT ADDED ENTRY--TOPICAL TERM | |
| Topical term or geographic name entry element | INTERNATIONAL PROPERTY MEASUREMENT STANDARDS |
| 651 #4 - SUBJECT ADDED ENTRY--GEOGRAPHIC NAME | |
| Geographic name | International |
| 690 ## - LOCAL SUBJECT ADDED ENTRY--TOPICAL TERM (OCLC, RLIN) | |
| Topical term or geographic name as entry element | Measurement |
| 9 (RLIN) | 6256 |
| 856 40 - ELECTRONIC LOCATION AND ACCESS | |
| Uniform Resource Identifier | <a href="https://image.isu.pub/160308110754-25dc2ce4744287f39e638ac443a17cd0/jpg/page_5.jpg">https://image.isu.pub/160308110754-25dc2ce4744287f39e638ac443a17cd0/jpg/page_5.jpg</a> |
| Link text | Available free online via Issuu |
| 942 ## - ADDED ENTRY ELEMENTS (KOHA) | |
| Suppress in OPAC | 0 |
| Source of classification or shelving scheme | Dewey Decimal Classification |
| Withdrawn status | Lost status | Source of classification or shelving scheme | Damaged status | Not for loan | Home library | Current library | Shelving location | Date acquired | Total Checkouts | Full call number | Barcode | Date last seen | Copy number | Price effective from | Koha item type |
|---|---|---|---|---|---|---|---|---|---|---|---|---|---|---|---|
| Dewey Decimal Classification | London | London | Journal article | 20/04/2018 | L160029 | 160029-1001 | 06/08/2019 | 1 | 06/08/2019 | Journal article |